Redoing time: cultural performance, transformation and the self

Gespeichert in:  
Bibliographische Detailangaben
1. VerfasserIn: Sydor, Susan A. (Verfasst von)
Medienart: Druck Buch
Sprache:Englisch
Veröffentlicht: 1993
In:Jahr: 1993
Verfügbarkeit prüfen: HBZ Gateway
Subito Bestelldienst: Jetzt bestellen.
Schlagwörter:

MARC

LEADER 00000cam a2200000 c 4500
001 1622986016
003 DE-627
005 20220606125019.0
007 tu
008 940629s1993 xx ||||| m 00| ||eng c
020 |a 0315826762  |9 0-315-82676-2 
035 |a (DE-627)1622986016 
035 |a (DE-576)039772640 
035 |a (DE-599)BSZ039772640 
035 |a (OCoLC)312082791 
040 |a DE-627  |b ger  |c DE-627  |e rakwb 
041 |a eng 
100 1 |a Sydor, Susan A.  |4 aut 
245 1 0 |a Redoing time  |b cultural performance, transformation and the self  |c Susan A. Sydor 
264 1 |c 1993 
300 |a 256 S. 
336 |a Text  |b txt  |2 rdacontent 
337 |a ohne Hilfsmittel zu benutzen  |b n  |2 rdamedia 
338 |a Band  |b nc  |2 rdacarrier 
502 |a Toronto, Univ., Diss., 1993 
583 1 |a Archivierung prüfen  |c 20200919  |f DE-640  |z 2  |2 pdager 
655 7 |a Hochschulschrift  |0 (DE-588)4113937-9  |0 (DE-627)105825778  |0 (DE-576)209480580  |2 gnd-content 
951 |a BO 
ELC |b 1 
LOK |0 000 xxxxxcx a22 zn 4500 
LOK |0 001 3248513454 
LOK |0 003 DE-627 
LOK |0 004 1622986016 
LOK |0 005 19960122000000 
LOK |0 008 940629||||||||||||||||ger||||||| 
LOK |0 040   |a DE-21  |c DE-627  |d DE-21 
LOK |0 852   |z Kopie, erschienen im Verl. Univ. Microfilms Internat., Ann Arbor, 1994 
LOK |0 852   |a DE-21 
LOK |0 852 1  |c KB 3 B 188  |9 00 
LOK |0 935   |a krim 
LOK |0 936ln  |a k8.7.4 
LOK |0 939   |a 29-06-94  |b l01 
ORI |a SA-MARC-krimdoka001.raw